| АИС "Историко-культурное наследие Беларуси" | ||
| Базовый | Расширенный | Профессиональный | Словарь персоналий | Тематический словарь | По видам объектов | История запросов Заказы | Регистрация | |
Запись в MARC-формате
| копировать MARC-запись |
=LDR 00000nx\\c2200205\\\45\\
=001 BY-NLB-ar3133705
=005 20160330095631.9
=100 \\$a20090109arusy50\\\\\\ca0
=152 \\$apsbo
=160 \\$ae-bw
=215 \\$aЦерковь во имя святителя Николая Чудотворца (Завечелье, деревня; Ушачский район)
=300 1\$aПроизведение народного зодчества. Построена в 1830 г.
=356 \\$aНаходилась в д. Завечелье Ушачского района Витебской области.
=415 \\$aЗавечельская Свято-Николаевская церковь
=415 \\$aСвято-Николаевская церковь (Завечелье, деревня; Ушачский район)
=515 \\$5w$3BY-NLB-ar3133676$aЦарква ў імя свяціцеля Мікалая Цудатворца (Завячэлле, вёска; Ушацкі раён)
=801 \0$aBY$bBY-HM0000$c20090109
=810 \\$aКулагін, А. М. Праваслаўныя храмы Беларусі : энцыкл. давед. – Мн., 2007.
=810 \\$aКулагін, А.М. Праваслаўныя храмы на Беларусі: энцыкл. давед. – Мн., 2001.
=999 \\$f2786$t20090109
Чтобы вернуться назад, щелкните кнопку BACK на Вашем браузере